000 00735cam a22002411 4500
001 ne 64002506
003 DLC
005 20260227111805.0
008 840118s1964 ua 000 0 arar
010 _ane 64002506
035 _a(OCoLC)10310634
040 _aDLC
_cTxU
_dTxU
_dDLC
042 _apremarc
050 0 0 _aLB880
_b.A46
100 1 _aʻAlī, Fikrī Ḥasan.
245 1 0 _aUsus al-tarbiyah wa-ṭuruq al-tadrīs ,
_ctaʼlīf Fikrī Ḥasan ʻAlī [wa] Ḥasan al-Ḥarīrī.
250 _aal-Ṭabʻah al-ʼūlá.
260 _a[al-Qāhirah ,
_bal-Maktab al-Thaqāfī al-ʻArabī]
_c1964.
300 _a296 p.
_c19 cm.
650 0 _aEducation.
650 0 _aTeaching.
700 1 _aḤarīrī, Ḥasan,
_ejoint author.
999 _c47456
_d47456